000
00293 a2200133 4500
001
8590
082
_a
915.4 MUF
090
_c
6913
_d
6913
100
_a
Mufti Mumtaz
245
_a
Hind yatra
_c
mumtaz mufti
260
_a
Lahore
_b
Ferozsons
_c
2008
300
_a
343 p.
650
_a
urdu zabanb
942
_a
NUST-CAE
_k
915.4 MUF
999
_c
243663
_d
243663